| 000 | 00449nam a22001577a 4500 | ||
|---|---|---|---|
| 005 | 20171219115514.0 | ||
| 008 | 171219b xxu||||| |||| 00| 0 eng d | ||
| 020 | _a9781848310469 | ||
| 040 | _cPK-LaUMT | ||
| 082 |
_aPKAC 320.97301 _bREI-S |
||
| 100 | _aReich , Robert | ||
| 245 |
_aSupercapitalism: _bthe battle for democracy in an age of big business/ _cRobert Reich |
||
| 260 |
_aLondon; _bIcon books, _c2007 |
||
| 300 | _a272 P. | ||
| 942 | _cBK | ||
| 999 |
_c100854 _d100854 |
||